Nutrición y salud (Record no. 27194)
[ view plain ]
| 000 -LEADER | |
|---|---|
| fixed length control field | 00872nam a22002537a 4500 |
| 005 - DATE AND TIME OF LATEST TRANSACTION | |
| control field | 20170124141722.0 |
| 008 - FIXED-LENGTH DATA ELEMENTS--GENERAL INFORMATION | |
| fixed length control field | 140909t mx||||| |||| 00| 0 spa d |
| 020 ## - INTERNATIONAL STANDARD BOOK NUMBER | |
| International Standard Book Number | 9786074483796 |
| 050 04 - LIBRARY OF CONGRESS CALL NUMBER | |
| Classification number | QP141.S2 |
| Item number | E87 2014 |
| 100 1# - MAIN ENTRY--PERSONAL NAME | |
| Personal name | Esquivel Hernández, Rosa Isabel |
| 245 10 - TITLE STATEMENT | |
| Title | Nutrición y salud |
| Statement of responsibility, etc | / Rosa Isabel Esquivel Hernández, Silvia María Martínez Correa, José Luis Martínez Correa |
| 250 ## - EDITION STATEMENT | |
| Edition statement | 3a ed. |
| 260 ## - PUBLICATION, DISTRIBUTION, ETC. (IMPRINT) | |
| Place of publication, distribution, etc | México : |
| Name of publisher, distributor, etc | Manual Moderno, |
| Date of publication, distribution, etc | 2014 |
| 300 ## - PHYSICAL DESCRIPTION | |
| Extent | xvi, 163 p. : |
| Other physical details | il. ; |
| Dimensions | 23 cm. |
| 504 ## - BIBLIOGRAPHY, ETC. NOTE | |
| Bibliography, etc | Bibliografía : p. 145-147 |
| 504 ## - BIBLIOGRAPHY, ETC. NOTE | |
| Bibliography, etc | Incluye glosario e índice |
| 506 ## - RESTRICTIONS ON ACCESS NOTE | |
| Source of term | Bib. Med. ISO 2016 |
| 650 #7 - SUBJECT ADDED ENTRY--TOPICAL TERM | |
| Source of heading or term | Lemb |
| Topical term or geographic name as entry element | Nutrición |
| 650 #7 - SUBJECT ADDED ENTRY--TOPICAL TERM | |
| Source of heading or term | Lemb |
| Topical term or geographic name as entry element | Alimentos |
| Geographic subdivision | México |
| 650 #7 - SUBJECT ADDED ENTRY--TOPICAL TERM | |
| Source of heading or term | Lemb |
| Topical term or geographic name as entry element | Salud |
| General subdivision | Nutrición |
| 700 1# - ADDED ENTRY--PERSONAL NAME | |
| Personal name | Martínez Correa, Silvia María, |
| Relator term | coaut. |
| 700 1# - ADDED ENTRY--PERSONAL NAME | |
| Personal name | Martínez Correa, José Luis, |
| Relator term | coaut. |
| 942 ## - ADDED ENTRY ELEMENTS (KOHA) | |
| Source of classification or shelving scheme | Biblioteca del Cogreso de los Estados Unidos |
| Koha item type | Libro |
| Estado de pérdida | Fuente de clasificación | Estado del daño | No para préstamo | Ubicación permanente | Ubicación actual | Apartado o colección | Fecha de adquisición | Fuente de adquisición | Área del conocimiento | Clasificación | Código de Barras | Date last seen | Número de copia | Tipo de recurso | Edición | Dependencia de educación superior (DES) | Total Checkouts | Date checked out | Nota pública |
|---|---|---|---|---|---|---|---|---|---|---|---|---|---|---|---|---|---|---|---|
| Biblioteca del Cogreso de los Estados Unidos | Biblioteca de la Facultad de Ciencias Médicas y Biológicas | Biblioteca de la Facultad de Ciencias Médicas y Biológicas | General | 24/01/2017 | Dirección General de Bibliotecas Generico | Ciencias de la Salud | QP141.S2 E87 2014 | BFM000006548 | 22/08/2024 | 1 | Libro | 3a ed. | Ciencias de la Salud | 2 | 22/08/2024 | General | |||
| Biblioteca del Cogreso de los Estados Unidos | Biblioteca de la Unidad de Ciencias Ingeniería y Humanidades | Biblioteca de la Unidad de Ciencias Ingeniería y Humanidades | General | 09/09/2014 | QP141.S2 E87 2014 | BCU000013579 | 16/01/2015 | 1 | Libro | ||||||||||
| Biblioteca del Cogreso de los Estados Unidos | Biblioteca de la Unidad de Ciencias Ingeniería y Humanidades | Biblioteca de la Unidad de Ciencias Ingeniería y Humanidades | General | 09/09/2014 | QP141.S2 E87 2014 | BCU000013580 | 16/01/2015 | 2 | Libro | ||||||||||
| Biblioteca del Cogreso de los Estados Unidos | Biblioteca de la Unidad de Ciencias Ingeniería y Humanidades | Biblioteca de la Unidad de Ciencias Ingeniería y Humanidades | General | 09/09/2014 | QP141.S2 E87 2014 | BCU000013581 | 16/01/2015 | 3 | Libro |